kritike sa pozrel do očí s Jozefom Göncim, strelcom a predsedom komisie športovcov SOV

Bibliographic Details
Main Authors: Kubiš, Pavol (Author, Interviewer), Gönci, Jozef, 1974- (Author)
Format: Article
Language:Slovak
PhysicalDescription:Fotogr.
ISSN:0139-7001
Subjects:

MARC

LEADER 00000nab a2200000 ar4500
001 vtls009459220
003 SK-MaSNL
005 20260304232158.0
008 090109c20081213xo sr|p|||||||000 b|slo
015 |a SNBRB2009/01  |2 snkbucl 
038 |a SNKBUCL 
040 |a SNKBUCL  |b slo  |c SNKBUCL  |e AACR2 
041 0 |a slo 
044 |a xo  |c SK 
080 |a 799.331.071  |2 2001 
100 1 |a Kubiš, Pavol  |4 ivr  |4 aut  |9 219206 
245 1 0 |a kritike sa pozrel do očí  |b s Jozefom Göncim, strelcom a predsedom komisie športovcov SOV  |c [zhováral sa] Pavol Kubiš 
300 |b Fotogr. 
650 0 7 |a športová streľba  |2 snkbucl  |9 29098 
655 7 |a rozhovory  |2 snkbucl  |9 31831 
700 1 |a Gönci, Jozef,  |d 1974-  |4 ive  |4 aut  |9 104368 
773 0 |t Šport  |g Roč. 62, č. 288 (13.12.2008), s. 36-37  |x 0139-7001 
852 |a SNK  |b KIS3GCP 
999 |c 3192421  |d 3194351